000 00393nam a2200145 i 4500
001 bg
100 1 _aNOJSIEJENKO, Stanisław
245 0 _aSztuczne kruszywa lekkie z odpadów przemysłowych /
_cStanisław Nojsiejenko, Robert Weppo.
260 _aWarszawa,
_c1975.
700 1 _aWEPPO, Robert
040 _cBPK
041 _apol
942 _cKS
008 s pl f |000 0 pol
999 _c16996
_d16996
856 _uhttp://koha.tu.koszalin.pl/cgi-bin/koha/opac-detail.pl?biblionumber=16996
_yKatalog online BPK